000
00314nam a2200133Ia 4500
008
200103s9999||||xx |||||||||||||| ||und||
040
_a
IMU-MPC
082
_a
Column-23
100
_a
Sohon, Harry
245
0
_a
Engineering Mathematics
260
_b
D. Van Nostrand Company
_c
1949
300
_a
vi, 278
942
_c
BK
999
_c
6853
_d
6853